000
00349 a2200169 4500
001
71534
020
_a
8508020554
040
_c
Anchieta - Colégio São Paulo
100
_a
Furnari, Eva
240
1
0
_a
Todo dia
_l
por
245
1
0
_a
Todo dia
300
_a
16
362
0
_a
2000
440
1
_a
Ática
650
4
_a
Literatura infantil
942
_c
BK
999
_c
71534
_d
71534